000 00585nam a2200217Ia 4500
003 OSt
005 20220926025113.0
006 a|||||r|||| 00| 0
007 ta
008 220923b |||||||| |||| 00| 0 eng d
037 _cGeneral Book
040 _aRTL
_cRTL
_beng
041 _2eng
_aeng
082 _aX:6k, N7/RR
245 0 _aHnadbook of international financial terms. Ed by
260 _aOxford
_bOxford University Press
_c1997
300 _aIxxix, 605p.
_ccm.
650 _aEconomics
942 _hX:6k, N7/RR
_cGB
_2CC
999 _c646283
_d646283